000 00366nam a2200157Ia 4500
008 221030s9999 xx 000 0 und d
020 _a8120316630
041 _aEnglish
082 _a105.23
_bPer
100 _aG. Perry
245 0 _aC By Example
_cby G. Perry
260 _bPearson Education
_aDelhi
_c2000
300 _a512
650 _aBE Computer
942 _cBK
999 _c6657
_d6657